LDR 00731naa#a2200157#i#450# 001 RU\FGKOU VO SPBU MVD ROSSII\bibl\122349 005 20260429042547.3 011 ## _a2713-0622 100 ## _a20260428b2026####ek#y0rusy0150####ca 102 ## _aRU 200 1# _aЗа гранью нормы: гуманизация, риски и новые смыслы _eЖурнальная статья 210 1# _aСанкт-Петербург _cСАНКТ-ПЕТЕРБУРГСКИЙ УНИВЕРСИТЕТ МИНИСТЕРСТВА ВНУТРЕННИХ ДЕЛ РОССИЙСКОЙ ФЕДЕРАЦИИ _d2026 215 ## _a3 с. 608 ## _aЖурнальная статья _2local 700 #1 _aРеан _gАртур Александрович 856 4# _avestnikspbmvd.ru _u